00629nam a22002057a 4500003000400000005001700004008004100021020001800062040002900080050002100109100002800130245004800158250001200206260004300218300005300261650003100314650004600345942001500391999001700406OSt20260618154822.0260618b |||||||| |||| 00| 0 eng d a9780393927405 cChuka University Library aPS 507b.L4 2007 aLevine, Robert S930305 aThe Norton Anthology of American Literature a7th ed. aNew YorkbW.W Norton and companyc2007 axvi various pagingbIllustrated includes indexes aAmerican literature920380 aUnited states-literary collections930306 2lcccBKn0 c24838d24838